01325 2200385 4500001002100000005001500021035002000036007000300056008004100059020002200100040002200122082001600144084001800160090002000178100004600198245017100244250002800415300011200443650001600555700003200571700002700603850001200630504002800642710003700670264003800707336002100745337003000766338002300796990002000819990002000839990002000859990002000879990002000899990002000919INLIS00000000085165420191010092747 a0010-1019000381ta191010s2018 jkia g 0 ind d a978-979-002-771-8 aYOPDYOGbinderda04223a636.597 a636.597 SAN p aT 636.597 SAN p0 aSandhy Sakti Windhyarti,d1963-epenyusun10aPanduan praktis beternak itik tanpa air /cpenyusun, Sandhy Sakti Windhyarti; penyunting, B. Prasetya W.; ilustrator, B. Prasetya W., Anggoro W., Dok. Penebar Swadaya aCetakan I. Jakarta 2018 a4 halaman tidak bernomor, 91 halaman, 1 halamann tidak bernomor :bilustrasi, foto berwarna, tabel ;c20 cm 4aTernak itik1 aPrasetya W., B.epenyunting0 aAnggoro W.eilustrator aYOPDYOG aBibliografi: halaman 910 aDok. Penebar Swadayaeilustrator 1aJakarta :bPenebar Swadaya,c2018 2rdacontentateks 2rdamediaatanpa perantara 2rdacarrieravolume a41039-PD/A.2019 a41040-PD/A.2019 a41040-PD/B.2019 a41039-PD/A.2019 a41039-PD/B.2019 a41040-PD/B.2019